00738nam a2200157 a 450000100100000000500170001000800410002704000250006810000310009324502070012426000750033130000200040649000590042671000380048583000570052300003347920250131205119.0110830s1946 dr 000 0 spa d aDO-SdBNPbspacBNPHU1 aÁlvarez Pedroso, Armando10aNueva revisión de algunos de los que fueronproblemas colombinos :bconferencia pronunciada en el Paraninfo de la Universidad de Santo Domingo el día 17 de abril de 1946 /cArmando Álvarez Pedroso. aCiudad Trujillo :bUniversidad de Santo Domingo,bPol Hermanos,c1946. a27 p. ;c23 cm.1 aPublicaciones de la Universidad de Santo Domingo ;v402 aUniversidad de Santo Domingoeed. 0aPublicaciones de la Universidad de Santo Domingov40